| 000 -LEADER |
| fixed length control field |
00948nam a22002537a 4500 |
| 003 - CONTROL NUMBER IDENTIFIER |
| control field |
OSt |
| 005 - DATE AND TIME OF LATEST TRANSACTION |
| control field |
20180922110330.0 |
| 008 - FIXED-LENGTH DATA ELEMENTS--GENERAL INFORMATION |
| fixed length control field |
180307b xxu||||| |||| 00| 0 spa d |
| 020 ## - INTERNATIONAL STANDARD BOOK NUMBER |
| International Standard Book Number |
9506790132 |
| 040 ## - CATALOGING SOURCE |
| Transcribing agency |
PJ |
| 100 ## - ASIENTO PRINCIPAL - NOMBRE DE PERSONA |
| 9 (RLIN) |
1876 |
| Personal name |
Garrido Cordobera, Lidia M. R. |
| 245 10 - MENCIÓN DE TÍTULO |
| Título propiamente dicho |
Privilegios especiales sobre inmuebles : |
| Parte restante del título |
publicidad registral / |
| Mención de responsabilidad, etc |
Lidia M. R. Garrido Cordobera, prólogo de François Chabas. |
| 260 ## - PUBLICATION, DISTRIBUTION, ETC. (IMPRINT) |
| Place of publication, distribution, etc |
Buenos Aires : |
| Name of publisher, distributor, etc |
Universidad, |
| Date of publication, distribution, etc |
1986. |
| 300 ## - DESCRIPCION FISICA |
| Extent |
61 p. |
| Dimensions |
23 cm. |
| 504 ## - NOTA DE BIBLIOGRAFÍA, ETC. |
| Bibliography, etc |
Bibliografía: p. 61 |
| 505 ## - FORMATTED CONTENTS NOTE |
| Formatted contents note |
Contenido:<br/>Sistema del derecho argentino -- Sistema del derecho francés -- Sistema "de lege ferenda". |
| 650 #0 - ASIENTO SECUNDARIO DE MATERIA - TERMINO TEMATICO |
| 9 (RLIN) |
352 |
| Topical term or geographic name as entry element |
DERECHO CIVIL |
| 650 #0 - ASIENTO SECUNDARIO DE MATERIA - TERMINO TEMATICO |
| 9 (RLIN) |
1821 |
| Topical term or geographic name as entry element |
DERECHOS REALES |
| 650 #0 - ASIENTO SECUNDARIO DE MATERIA - TERMINO TEMATICO |
| 9 (RLIN) |
2274 |
| Topical term or geographic name as entry element |
BIENES INMUEBLES |
| 650 #0 - ASIENTO SECUNDARIO DE MATERIA - TERMINO TEMATICO |
| 9 (RLIN) |
2273 |
| Topical term or geographic name as entry element |
PRIVILEGIOS ESPECIALES (CIVIL) |
| 650 #0 - ASIENTO SECUNDARIO DE MATERIA - TERMINO TEMATICO |
| 9 (RLIN) |
2275 |
| Topical term or geographic name as entry element |
PUBLICIDAD REGISTRAL |
| 700 ## - ADDED ENTRY--PERSONAL NAME |
| 9 (RLIN) |
2272 |
| Personal name |
Chabas, François, |
| Relator term |
prologuista |
| 942 ## - ADDED ENTRY ELEMENTS (KOHA) |
| Source of classification or shelving scheme |
|
| Koha item type |
Libros |
| Classification part |
347.282 |
| Item part |
GAR |